INTERNATIONAL POLYMER SCIENCE AND TECHNOLOGY (Record no. 4530)

MARC details
000 -LEADER
fixed length control field 00399nam a2200133Ia 4500
022 ## - INTERNATIONAL STANDARD SERIAL NUMBER
ISSN 0307-174x
245 #0 - TITLE STATEMENT
Title INTERNATIONAL POLYMER SCIENCE AND TECHNOLOGY
260 ## - PUBLICATION, DISTRIBUTION, ETC. (IMPRINT)
Name of publisher Rapra Technology Ltd., England
Place of publication UK
500 ## - GENERAL NOTE
General note Ending Volume & Year: 23, 1996
500 ## - GENERAL NOTE
General note Missing Volume: 15;16;20
500 ## - GENERAL NOTE
General note Starting Volume & Year: 1, 1974
942 ## - ADDED ENTRY ELEMENTS (KOHA)
Koha item type Bound Journal
Holdings
Withdrawn status Lost status Damaged status Not for loan Home library Current library Date acquired Accession Number Koha item type
      Bound journals RRII Library RRII Library 31/12/2021 04501J Bound Journal